000 004930000a22001930004500
001 001750
003 MACL
005 20150908132053.0
008 150908b xxu||||| |||| 00| 0 eng d
040 _aMACL
_cMACL
041 _aEnglish
082 _a805/SEN
100 _aSen, Tulika
_99242
245 _aNirmal Kumar Bose
_bLife, Works And Vision
_cTulika Sen
260 _aKolkata
_c2003
_bThe Asiatic Society,
350 _a360
650 _aSerial Publication
_9330
942 _k805
_cBK
_2ddc
999 _c13667
_d13667